Islam and Religions Riots: (Record no. 201120)
[ view plain ]
| 000 -LEADER | |
|---|---|
| fixed length control field | 00726nam a22002057a 4500 |
| 005 - DATE AND TIME OF LATEST TRANSACTION | |
| control field | 20240229113137.0 |
| 008 - FIXED-LENGTH DATA ELEMENTS--GENERAL INFORMATION | |
| fixed length control field | 090826t xxu||||| |||| 00| 0 eng d |
| 010 ## - LCCN (DPL NO) | |
| LC control number | ENG-139481 |
| 020 ## - INTERNATIONAL STANDARD BOOK NUMBER | |
| International Standard Book Number | 978819254303000 |
| Terms of availability | 500.00 |
| 035 ## - SYSTEM CONTROL NUMBER | |
| System control number | EN-123013 |
| 037 ## - SOURCE OF ACQUISITION | |
| Source of stock number/acquisition | DBAD/PUB |
| 082 ## - DEWEY DECIMAL CLASSIFICATION NUMBER | |
| Classification number | 306.6 |
| Edition number | 2nd |
| 100 ## - MAIN ENTRY--PERSONAL NAME | |
| Personal name | R.N.P Singh |
| 9 (RLIN) | 62499 |
| 245 ## - TITLE STATEMENT | |
| Title | Islam and Religions Riots: |
| Remainder of title | A Case Study Riots and Wrongs/ |
| Statement of responsibility, etc | By R.N.P Singh |
| 250 ## - EDITION STATEMENT | |
| Edition statement | 2nd |
| 260 ## - PUBLICATION, DISTRIBUTION, ETC. (IMPRINT) | |
| Name of publisher, distributor, etc | Carried A Unit of Samarth Trust |
| Place of publication, distribution, etc | New Delhi |
| Date of publication, distribution, etc | 2012 |
| 270 ## - ADDRESS | |
| Address | Post Box No. 7312 Sriniwaspuri |
| City | New Delhi |
| Postal code | 110065 |
| 300 ## - PHYSICAL DESCRIPTION | |
| Extent | 364p. |
| Dimensions | 25cm(hb) |
| 942 ## - ADDED ENTRY ELEMENTS (KOHA) | |
| Source of classification or shelving scheme | Dewey Decimal Classification |
| Item type | English Books |
| Classification part | 306.6 |
| Call number suffix | RNP |
| Edition | 2nd |
| Withdrawn status | Lost status | Source of classification or shelving scheme | Damaged status | Not for loan | Collection code | Home library | Current library | Date acquired | Source of acquisition | Cost, normal purchase price | Total Checkouts | Total Renewals | Full call number | Barcode | Date last seen | Copy number | Cost, replacement price | Koha item type |
|---|---|---|---|---|---|---|---|---|---|---|---|---|---|---|---|---|---|---|
| Dewey Decimal Classification | Non-fiction | Peshwa Road | Peshwa Road | 29/02/2024 | DBAD/PUB | 500.00 | 4 | 6 | 306.6 RNP | EN-123013 | 11/03/2025 | 1 | 500.00 | English Books |
